Mecànica elemental
MARC
| LEADER | 00000nam a2200000Ia 4500 | ||
|---|---|---|---|
| 001 | 7704, 7735, 9427, 9428 | ||
| 008 | 160829s9999 xx 000 0 cat d | ||
| 080 | |a RF-5-26, RF-5-27, C-1-475, C-1-476 | ||
| 245 | |a Mecànica elemental | ||
| 260 | |a Barcelona : |b Mancomunitat de Catalunya, Extensió d'Ensenyament Tècnic, [s.a.] | ||
| 300 | |a 4 v. ; |c 23 cm | ||
| 490 | |a Text núm. 19, 20 i 21 | ||
| 590 | |a Hi ha un duplicat de: part I: DUP-65-27; part II: DUP-65-28 | ||
| 650 | |a Mecànica |9 30507 | ||
| 700 | |a Catalunya. Extensió d'Ensenyament Tècnic |9 20004 | ||
| 710 | 2 | |a Catalunya. |b Mancomunitat |9 53015 | |
| 856 | 4 | |u https://media.diba.cat/diba/fitxers/arxiu/fulletons/bib_7735_baixa.pdf |y Part 2 | |
| 856 | 4 | |u https://media.diba.cat/diba/fitxers/arxiu/fulletons/bib_7704_baixa.pdf |y Part 1 | |
| 856 | 4 | |u https://media.diba.cat/diba/fitxers/arxiu/fulletons/bib_7735_baixa.pdf |y Part 2 | |
| 856 | 4 | |u https://media.diba.cat/diba/fitxers/arxiu/fulletons/bib_7704_baixa.pdf |y Part 1 | |
| 866 | |a Part I (text núm. 19), Part II (text núm. 20), Part III (text núm. 21), Part IV (text núm. 21) | ||
| 901 | |a Arxiu | ||
| 942 | |n 1 |2 udc | ||
| 952 | |0 0 |1 0 |4 0 |6 RF526_RF527_C1475_C1476 |7 1 |9 44488 |a Arxiu |b Arxiu |d 2016-12-01 |l 0 |o RF-5-26, RF-5-27, C-1-475, C-1-476 |p 7704, 7735, 9427, 94 |r 2016-12-01 00:00:00 |w 2016-12-01 |y ARXIU | ||
| 999 | |c 47069 |d 47069 | ||
| 900 | |a bib_7704_baixa.pdf | ||
| 900 | |a bib_7735_baixa.pdf | ||